[Event "Oslo op"]
[Site "Oslo"]
[Date "2018.10.03"]
[Round "5"]
[White "Nilsen, Tobias Lang"]
[Black "Sriram, Jha"]
[Result "0-1"]
[WhiteElo "2161"]
[BlackElo "2402"]
[PlyCount "48"]
[EventDate "2018.09.30"]
[EventType "swiss"]
[EventRounds "10"]
[EventCountry "NOR"]
[SourceTitle "OM OTB B 201907"]
[Source "Opening Master"]
[SourceDate "2019.07.06"]
[SourceVersion "2"]
[SourceVersionDate "2019.07.06"]
[SourceQuality "1"]

1. e4 c5 2. Nf3 Nc6 3. d4 cxd4 4. Nxd4 Nf6 5. Nc3 d6 6. Be2 e5 7. Ndb5 a6 8.
Na3 b5 9. Nd5 Nxd5 10. exd5 Nd4 11. Be3 Nf5 12. Bd2 Be7 13. c4 bxc4 14. Nxc4
O-O 15. Ba5 Qe8 16. O-O Nd4 17. Bd3 Bb7 18. Rc1 Qb5 19. Nxd6 Qxa5 20. Nxb7 Qxd5
21. Rc7 Bd8 22. Nxd8 Raxd8 23. Re1 Ne6 24. Rc3 Nf4 0-1

[Event "Oslo op"]
[Site "Oslo"]
[Date "2018.10.01"]
[Round "2"]
[White "Holand, Per Fredrik"]
[Black "Johansen, Aleksander"]
[Result "1-0"]
[WhiteElo "1882"]
[BlackElo "1536"]
[PlyCount "45"]
[EventDate "2018.09.30"]
[EventType "swiss"]
[EventRounds "10"]
[EventCountry "NOR"]
[SourceTitle "OM OTB B 201907"]
[Source "Opening Master"]
[SourceDate "2019.07.06"]
[SourceVersion "2"]
[SourceVersionDate "2019.07.06"]
[SourceQuality "1"]

1. e4 c5 2. Nf3 d6 3. d4 Nf6 4. Nc3 cxd4 5. Nxd4 Nc6 6. Be2 e5 7. Nb3 Be6 8.
Bg5 Be7 9. f4 h6 10. Bxf6 gxf6 11. f5 Bd7 12. Nd5 a5 13. c3 a4 14. Nd2 Rg8 15.
O-O Na5 16. b4 Nc6 17. Bc4 Na7 18. Qh5 Rg7 19. Qxh6 Kf8 20. Rf3 Kg8 21. Rh3
Qb6+ 22. Nxb6 Rxg2+ 23. Kxg2 1-0

[Event "Olympiad-43"]
[Site "Batumi"]
[Date "2018.09.28"]
[Round "5.42"]
[White "Teerapabpaisit, Wisuwat"]
[Black "Hussein, AHAL Ali"]
[Result "0-1"]
[WhiteElo "2154"]
[BlackElo "2273"]
[PlyCount "84"]
[EventDate "2018.09.24"]
[EventType "team-swiss"]
[EventRounds "11"]
[EventCountry "GEO"]
[SourceTitle "OM OTB B 201907"]
[Source "Opening Master"]
[SourceDate "2019.07.06"]
[SourceVersion "2"]
[SourceVersionDate "2019.07.06"]
[SourceQuality "1"]
[WhiteTeam "Thailand"]
[BlackTeam "Iraq"]
[WhiteTeamCountry "THA"]
[BlackTeamCountry "IRQ"]

1. e4 c5 2. Nf3 d6 3. d4 cxd4 4. Nxd4 Nf6 5. Nc3 Nc6 6. Be2 e5 7. Nb3 a5 8. a4
Be7 9. Be3 Be6 10. Nd5 Bxd5 11. exd5 Nb4 12. Bb5+ Kf8 13. c4 b6 14. O-O h5 15.
f3 g6 16. Qd2 Kg7 17. Rad1 Na6 18. f4 Ng4 19. fxe5 dxe5 20. d6 Nxe3 21. Qxe3
Bxd6 22. Bxa6 Rxa6 23. Rd5 Qe7 24. Rfd1 Rd8 25. Kh1 Bc7 26. Rxd8 Bxd8 27. Rd5
Bc7 28. Nd4 Ra8 29. Nb5 Re8 30. g3 e4 31. Kg2 Be5 32. b3 Qf6 33. Rd7 Re6 34.
Rd5 h4 35. Nd4 h3+ 36. Kg1 Re7 37. Rd8 Re8 38. Rd5 Rd8 39. Nc6 Rxd5 40. cxd5
Bd6 41. Qxb6 Qf3 42. Qd4+ Kh7 0-1

[Event "Olympiad-43"]
[Site "Batumi"]
[Date "2018.09.25"]
[Round "2.1"]
[White "Fancy, Stuart"]
[Black "Frick, Renato"]
[Result "1-0"]
[WhiteElo "1950"]
[BlackElo "2058"]
[PlyCount "74"]
[EventDate "2018.09.24"]
[EventType "team-swiss"]
[EventRounds "11"]
[EventCountry "GEO"]
[SourceTitle "OM OTB B 201907"]
[Source "Opening Master"]
[SourceDate "2019.07.06"]
[SourceVersion "2"]
[SourceVersionDate "2019.07.06"]
[SourceQuality "1"]
[WhiteTeam "Papua New Guinea"]
[BlackTeam "Liechtenstein"]
[WhiteTeamCountry "PNG"]
[BlackTeamCountry "LIE"]

1. e4 c5 2. Nf3 d6 3. Nc3 Nc6 4. d4 cxd4 5. Nxd4 Nf6 6. Be2 e5 7. Nb3 Be7 8.
Bg5 Be6 9. Bxf6 Bxf6 10. Nd5 Be7 11. O-O O-O 12. Bg4 Qd7 13. h3 Rad8 14. Nd2 f5
15. Bxf5 Bxf5 16. exf5 Qxf5 17. Nc4 Rd7 18. Nce3 Qf7 19. Qg4 Bd8 20. Rad1 h5
21. Qe4 Nd4 22. c3 Ne2+ 23. Kh2 Nf4 24. g3 Ng6 25. h4 Re8 26. Rd2 Nf8 27. Rfd1
g5 28. Nf5 Qg6 29. Nde3 Re6 30. Qc4 Kh7 31. Qc8 gxh4 32. gxh4 Qf6 33. Rg1 Bb6
34. Qc4 e4 35. Rg5 Bxe3 36. fxe3 Qe5+ 37. Ng3 Rg6 1-0

[Event "HUN-chT2 Charousek 1819"]
[Site "Hungary"]
[Date "2018.09.23"]
[Round "1.9"]
[White "Kresz, Adam"]
[Black "Magyar, Andras"]
[Result "0-1"]
[WhiteElo "1933"]
[BlackElo "2263"]
[PlyCount "58"]
[EventDate "2018.09.23"]
[EventType "team-tourn"]
[EventRounds "11"]
[EventCountry "HUN"]
[SourceTitle "OM OTB B 201907"]
[Source "Opening Master"]
[SourceDate "2019.07.06"]
[SourceVersion "2"]
[SourceVersionDate "2019.07.06"]
[SourceQuality "1"]
[WhiteTeam "Komlo"]
[BlackTeam "Infraplan HVSE"]
[WhiteTeamCountry "HUN"]
[BlackTeamCountry "HUN"]

1. e4 c5 2. Nf3 Nc6 3. d4 cxd4 4. Nxd4 Nf6 5. Nc3 d6 6. Be2 e5 7. Nb3 Be7 8.
O-O O-O 9. f4 a5 10. a4 Nb4 11. Kh1 Qc7 12. Be3 Be6 13. Rc1 Rfd8 14. Nb5 Qc6
15. f5 Bc4 16. Bxc4 Qxc4 17. Bb6 Rd7 18. Nc3 Ra6 19. Bf2 d5 20. exd5 Nbxd5 21.
Qe1 Nxc3 22. bxc3 Ne4 23. Bd4 exd4 24. Qxe4 Qxc3 25. f6 Re6 26. Qg4 Bxf6 27.
Rxf6 h5 28. Rxe6 hxg4 29. Re8+ Kh7 0-1

[Event "Santa Cruz de Tenerife Verano op"]
[Site "Santa Cruz de Tenerife"]
[Date "2018.09.12"]
[Round "7"]
[White "Diaz Reyes, Killian"]
[Black "Gil Ojeda, Jorge"]
[Result "0-1"]
[WhiteElo "1762"]
[BlackElo "1863"]
[PlyCount "74"]
[EventDate "2018.08.20"]
[EventType "swiss"]
[EventRounds "9"]
[EventCountry "ESP"]
[SourceTitle "OM OTB B 201907"]
[Source "Opening Master"]
[SourceDate "2019.07.06"]
[SourceVersion "2"]
[SourceVersionDate "2019.07.06"]
[SourceQuality "1"]

1. e4 c5 2. Nf3 d6 3. d4 cxd4 4. Nxd4 Nf6 5. Nc3 Nc6 6. Be2 e5 7. Nb3 Be7 8.
O-O O-O 9. f4 a5 10. f5 a4 11. Nd2 Nd4 12. Nf3 Qb6 13. Kh1 a3 14. bxa3 Nxe2 15.
Qxe2 Qc6 16. Bb2 b6 17. Qe3 Ng4 18. Qd2 Nf6 19. Rae1 b5 20. g4 Bd8 21. g5 Nh5
22. Nd5 f6 23. Rg1 Kh8 24. gxf6 Nxf6 25. Qg2 Qb7 26. Nxf6 Bxf6 27. Qh3 Ra4 28.
Rg4 g6 29. Rxg6 Rxe4 30. Reg1 Rf4 31. Qh6 Qxf3+ 32. R6g2 Qxg2+ 33. Kxg2 Rg8+
34. Kh3 Bxf5+ 35. Rg4 Bxg4+ 36. Kg2 Bc8+ 37. Kh1 Rf1# 0-1

[Event "Pinneberg-ch"]
[Site "Pinneberg"]
[Date "2018.09.06"]
[Round "4"]
[White "Bohn, Christoph"]
[Black "Lohse, Marc"]
[Result "1/2-1/2"]
[WhiteElo "1738"]
[BlackElo "1890"]
[PlyCount "78"]
[EventDate "2018.08.16"]
[EventType "swiss"]
[EventRounds "7"]
[EventCountry "GER"]
[SourceTitle "OM OTB B 201907"]
[Source "Opening Master"]
[SourceDate "2019.07.06"]
[SourceVersion "2"]
[SourceVersionDate "2019.07.06"]
[SourceQuality "1"]

1. e4 c5 2. Nf3 d6 3. Be2 Nc6 4. d4 cxd4 5. Nxd4 Nf6 6. Nc3 e5 7. Nb3 Be6 8.
O-O d5 9. exd5 Nxd5 10. Ne4 Bf5 11. Bf3 Nf6 12. Qe2 Nxe4 13. Bxe4 Bxe4 14. Qxe4
Qd7 15. Be3 f5 16. Qa4 b6 17. Rad1 Qc7 18. f4 Bd6 19. fxe5 Bxe5 20. Rxf5 Bxh2+
21. Kh1 Rd8 22. Re1 Be5 23. Bf4 Qd7 24. Bxe5 Qxf5 25. Qxc6+ Kf7 26. Qc4+ Kg6
27. Nd4 Rc8 28. Qe2 Qh5+ 29. Qxh5+ Kxh5 30. Bxg7 Rhe8 31. Rxe8 Rxe8 32. Nf3 Re2
33. c4 Kg4 34. Kg1 Rc2 35. Kf1 Kf4 36. Bc3 Ke3 37. Bd2+ Ke4 38. Bc3 Ke3 39.
Bd2+ Ke4 1/2-1/2

[Event "SRB-chT (Women)"]
[Site "Valjevo"]
[Date "2018.09.05"]
[Round "6.1"]
[White "Tomin, Ksenija"]
[Black "Kovacevic, Radmila"]
[Result "1-0"]
[WhiteElo "2006"]
[BlackElo "2144"]
[PlyCount "93"]
[EventDate "2018.08.31"]
[EventType "team-tourn"]
[EventRounds "11"]
[EventCountry "SRB"]
[SourceTitle "OM OTB B 201907"]
[Source "Opening Master"]
[SourceDate "2019.07.06"]
[SourceVersion "2"]
[SourceVersionDate "2019.07.06"]
[SourceQuality "1"]
[WhiteTeam "Sahmatni kruzok (W)"]
[BlackTeam "Crvena Zvezda (W)"]
[WhiteTeamCountry "SRB"]
[BlackTeamCountry "SRB"]

1. e4 c5 2. Nf3 d6 3. d4 cxd4 4. Nxd4 Nc6 5. Nc3 Nf6 6. Be2 e5 7. Nb3 Be7 8.
O-O O-O 9. f3 Be6 10. Nd5 Bxd5 11. exd5 Nb4 12. c4 Qb6+ 13. Kh1 a5 14. a3 Na6
15. a4 Nb4 16. Bd2 Nh5 17. g3 f5 18. f4 Nf6 19. Bc3 Ne4 20. fxe5 dxe5 21. Bxe5
Qh6 22. Nd4 f4 23. Bxf4 g5 24. Be5 Rf2 25. h4 Raf8 26. Qc1 Bd6 27. Bxd6 Qxd6
28. Rxf2 Rxf2 29. Qe3 Nxg3+ 30. Kg1 Ne4 31. Qh3 Nc2 32. Nxc2 Rxe2 33. Nd4 Qc5
34. Qe6+ Kg7 35. Qe5+ Kg8 36. Qe6+ Kg7 37. Qe5+ Kg8 38. Rf1 Qb6 39. Qe8+ Kg7
40. Qf8+ Kg6 41. Qf7+ Kh6 42. c5 Rg2+ 43. Kxg2 Qxb2+ 44. Rf2 Qxd4 45. hxg5+
Kxg5 46. Rf5+ Kg4 47. Qh5# 1-0

[Event "57th World Juniors 2018"]
[Site "Manavgat TUR"]
[Date "2018.09.05"]
[Round "1.73"]
[White "Dionizio, Andre Filipe Nascim"]
[Black "Baenziger, Fabian"]
[Result "1/2-1/2"]
[WhiteElo "2010"]
[BlackElo "2360"]
[PlyCount "59"]
[EventDate "2018.09.05"]
[EventType "swiss"]
[EventRounds "11"]
[EventCountry "TUR"]
[SourceTitle "The Week in Chess 1244"]
[Source "Mark Crowther"]
[SourceDate "2018.09.10"]
[SourceVersion "1"]
[SourceVersionDate "2018.09.10"]
[SourceQuality "2"]

1. e4 c5 2. Nf3 Nc6 3. d4 cxd4 4. Nxd4 Nf6 5. Nc3 d6 6. Be2 e5 7. Nb3 Be7 8.
Be3 O-O 9. O-O a5 10. a4 Be6 11. Nd2 d5 12. exd5 Nxd5 13. Nxd5 Qxd5 14. Bc4 Qd7
15. c3 Rad8 16. Qb3 Bxc4 17. Nxc4 Qe6 18. Bb6 Ra8 19. Rad1 Rfc8 20. Qb5 Bf8 21.
b3 e4 22. Qd5 Qf6 23. Qxe4 Qxc3 24. Rd3 Qf6 25. Rd7 Re8 26. Qd5 Rab8 27. Bc7
Ra8 28. Bb6 Rab8 29. Bc7 Ra8 30. Bb6 1/2-1/2

[Event "Trindade op"]
[Site "Trindade"]
[Date "2018.09.01"]
[Round "3"]
[White "Garcia, Gabriel Gonzaga"]
[Black "Mekhitarian, Krikor Sevag"]
[Result "0-1"]
[WhiteElo "2200"]
[BlackElo "2554"]
[PlyCount "102"]
[EventDate "2018.08.31"]
[EventType "swiss"]
[EventRounds "6"]
[EventCountry "BRA"]
[SourceTitle "OM OTB B 201907"]
[Source "Opening Master"]
[SourceDate "2019.07.06"]
[SourceVersion "2"]
[SourceVersionDate "2019.07.06"]
[SourceQuality "1"]

1. e4 c5 2. Nf3 Nc6 3. d4 cxd4 4. Nxd4 Nf6 5. Nc3 d6 6. Be2 e5 7. Nb3 Be7 8.
Bg5 O-O 9. O-O Be6 10. Qd2 a5 11. Rad1 a4 12. Nc1 Nd4 13. f4 Qb6 14. Kh1 Qxb2
15. Bxf6 Bxf6 16. f5 Rfc8 17. fxe6 Qxc3 18. exf7+ Kf8 19. Bg4 Qxd2 20. Rxd2
Rxc2 21. Rxc2 Nxc2 22. Be6 Ke7 23. Bd5 Ne3 24. Bxb7 Rb8 25. Re1 Nxg2 26. Kxg2
Rxb7 27. Re2 Kxf7 28. Rc2 Ke6 29. Ne2 Rb4 30. Kf3 h5 31. h3 Kd7 32. Ng3 g6 33.
Nf1 Bg5 34. Rg2 Rb1 35. Ne3 Bxe3 36. Kxe3 Rh1 37. Rg3 h4 38. Rxg6 Rxh3+ 39. Kd2
Rh2+ 40. Kc3 Rxa2 41. Rh6 h3 42. Kb4 h2 43. Kb5 a3 44. Kb4 Kc6 45. Kb3 Re2 46.
Kxa3 Kc5 47. Kb3 Kd4 48. Rh4 Ke3 49. Kc3 Kf3 50. Kd3 Ra2 51. Rh6 Kg2 0-1

[Event "28th EY Open U18 2018"]
[Site "Riga LAT"]
[Date "2018.08.21"]
[Round "2.9"]
[White "Sousa, Andre Ventura"]
[Black "Koziol, Kamil"]
[Result "1/2-1/2"]
[WhiteElo "2376"]
[BlackElo "2290"]
[PlyCount "84"]
[EventDate "2018.08.20"]
[EventType "swiss"]
[EventRounds "9"]
[EventCountry "LAT"]
[SourceTitle "The Week in Chess 1242"]
[Source "Mark Crowther"]
[SourceDate "2018.08.27"]
[SourceVersion "1"]
[SourceVersionDate "2018.08.27"]
[SourceQuality "2"]

1. e4 c5 2. Nf3 d6 3. d4 cxd4 4. Nxd4 Nf6 5. Nc3 Nc6 6. Be2 e5 7. Ndb5 a6 8.
Na3 b5 9. Nd5 Nxd5 10. Qxd5 Qc7 11. Be3 Be6 12. Qd2 Rd8 13. Bf3 d5 14. exd5 Nb4
15. dxe6 Rxd2 16. exf7+ Qxf7 17. Bxd2 Bc5 18. O-O O-O 19. Rad1 Qg6 20. Bxb4
Bxb4 21. Bd5+ Kh8 22. c4 Bc5 23. cxb5 axb5 24. Nxb5 Qc2 25. Rc1 Bxf2+ 26. Kh1
Qxb2 27. Nd6 g6 28. Rc7 e4 29. Nxe4 Qe5 30. Rd7 Bc5 31. Rxf8+ Bxf8 32. h3 Qa1+
33. Kh2 Qe5+ 34. Kh1 Qa1+ 35. Kh2 Qe5+ 36. Kh1 Be7 37. a4 Qa1+ 38. Kh2 Qe5+ 39.
g3 Qb2+ 40. Kh1 Qc1+ 41. Kg2 Qc2+ 42. Kf3 Qd3+ 1/2-1/2

[Event "EU Union-ch U14"]
[Site "Kouty nad Desnou"]
[Date "2018.08.13"]
[Round "7"]
[White "Marcinczyk, Monika"]
[Black "Mitev, Valentin"]
[Result "0-1"]
[WhiteElo "1885"]
[BlackElo "2234"]
[PlyCount "92"]
[EventDate "2018.08.07"]
[EventType "swiss"]
[EventRounds "9"]
[EventCountry "CZE"]
[SourceTitle "OM OTB B 201907"]
[Source "Opening Master"]
[SourceDate "2019.07.06"]
[SourceVersion "2"]
[SourceVersionDate "2019.07.06"]
[SourceQuality "1"]

1. e4 c5 2. Nf3 d6 3. d4 Nf6 4. Nc3 cxd4 5. Nxd4 Nc6 6. Be2 e5 7. Nf3 h6 8. O-O
Be7 9. Re1 O-O 10. h3 Be6 11. Bf1 Qa5 12. Bd2 Qc7 13. Be3 Qd7 14. Bb5 a6 15.
Ba4 b5 16. Bb3 Na5 17. Nd5 Nxb3 18. axb3 Nxd5 19. exd5 Bf5 20. Qd2 Qb7 21. Red1
Rfc8 22. Ne1 Bh7 23. c3 g5 24. g3 Qd7 25. Kh2 Bf5 26. g4 Bg6 27. f3 f5 28. Qe2
Kf7 29. Bg1 h5 30. Kg3 Rh8 31. Nd3 hxg4 32. hxg4 Rh4 33. Nf2 Bf6 34. Kg2 Bd8
35. c4 bxc4 36. bxc4 Bb6 37. b4 e4 38. gxf5 Bxf5 39. Kf1 exf3 40. Qxf3 Rah8 41.
Ke1 Rf4 42. Qg3 Re8+ 43. Kd2 Re3 44. Qxg5 Rd4+ 45. Kxe3 Rg4+ 46. c5 Rxg5 0-1

[Event "Abu Dhabi op 25th"]
[Site "Abu Dhabi"]
[Date "2018.08.13"]
[Round "7"]
[White "Varshini, Veileven"]
[Black "Kulkarni, Chinmay"]
[Result "0-1"]
[WhiteElo "2205"]
[BlackElo "2355"]
[PlyCount "90"]
[EventDate "2018.08.07"]
[EventType "swiss"]
[EventRounds "9"]
[EventCountry "UAE"]
[SourceTitle "OM OTB B 201907"]
[Source "Opening Master"]
[SourceDate "2019.07.06"]
[SourceVersion "2"]
[SourceVersionDate "2019.07.06"]
[SourceQuality "1"]

1. e4 c5 2. Nf3 Nc6 3. d4 cxd4 4. Nxd4 Nf6 5. Nc3 d6 6. Be2 e5 7. Nb3 Be7 8.
O-O O-O 9. f4 a5 10. a4 Nb4 11. Be3 Bd7 12. Bf3 Rc8 13. Rf2 Re8 14. Rd2 Qc7 15.
f5 d5 16. exd5 Bd6 17. Be4 b6 18. Qf3 Qb8 19. Bg5 Rc4 20. Bxf6 gxf6 21. Nd1 Kh8
22. Ne3 Rc7 23. Qh5 Rg8 24. Qxf7 Qd8 25. Qh5 Rg5 26. Qe2 Qc8 27. h4 Rg8 28. Ng4
Qf8 29. c3 Na6 30. Rd3 Nc5 31. Nxc5 Rxc5 32. Nf2 Qh6 33. Rh3 Rcc8 34. b3 Rg7
35. Rd1 Rcg8 36. Nd3 Rg4 37. Nf2 Rxh4 38. Rdd3 Bc5 39. Rxh4 Qxh4 40. Rf3 Qg4
41. Re3 Qg5 42. Rh3 Bxf5 43. Rh5 Qc1+ 44. Kh2 Qf4+ 45. Kh1 Bxf2 0-1

[Event "EU-ch Seniors 50 (Women)"]
[Site "Drammen"]
[Date "2018.08.12"]
[Round "9"]
[White "Chireykina, Natalia"]
[Black "Mednikova, Svetlana"]
[Result "0-1"]
[WhiteElo "1922"]
[BlackElo "2110"]
[PlyCount "66"]
[EventDate "2018.08.04"]
[EventType "tourn"]
[EventRounds "9"]
[EventCountry "NOR"]
[SourceTitle "OM OTB B 201907"]
[Source "Opening Master"]
[SourceDate "2019.07.06"]
[SourceVersion "2"]
[SourceVersionDate "2019.07.06"]
[SourceQuality "1"]

1. e4 c5 2. Nf3 d6 3. d4 cxd4 4. Nxd4 Nf6 5. Nc3 Nc6 6. Be2 e5 7. Nb3 Be7 8.
Be3 O-O 9. Qd2 Be6 10. O-O-O a5 11. a4 Nb4 12. f3 d5 13. exd5 Nfxd5 14. Nxd5
Nxd5 15. Kb1 Nxe3 16. Qxe3 Qc7 17. Bd3 Rfc8 18. Rhe1 f6 19. Qe4 g6 20. h4 Qc6
21. Qe3 Qxa4 22. h5 g5 23. Bxh7+ Kxh7 24. Qd3+ Kh8 25. Qg6 Qe8 26. Qh6+ Kg8 27.
Rxe5 fxe5 28. Qxe6+ Qf7 29. Qxe5 Bf6 30. Qf5 Rd8 31. Re1 a4 32. Re6 Rd1+ 33.
Nc1 Rxc1+ 0-1

[Event "Hamedan op 17th"]
[Site "Hamedan"]
[Date "2018.08.12"]
[Round "6"]
[White "Babaniya, Benyamin"]
[Black "Bagheri, Maziar"]
[Result "0-1"]
[WhiteElo "2180"]
[BlackElo "2308"]
[PlyCount "106"]
[EventDate "2018.08.09"]
[EventType "swiss"]
[EventRounds "11"]
[EventCountry "IRI"]
[SourceTitle "OM OTB B 201907"]
[Source "Opening Master"]
[SourceDate "2019.07.06"]
[SourceVersion "2"]
[SourceVersionDate "2019.07.06"]
[SourceQuality "1"]

1. e4 c5 2. Nf3 Nc6 3. d4 cxd4 4. Nxd4 Nf6 5. Nc3 d6 6. Be2 e5 7. Nb3 h6 8. O-O
Be7 9. Bf3 O-O 10. Be3 Be6 11. Nd5 Bxd5 12. exd5 Nb8 13. c4 Nbd7 14. Qd3 Re8
15. Nd2 a5 16. a3 a4 17. b4 axb3 18. Rfb1 Qc7 19. Rxb3 Bf8 20. Rab1 Reb8 21. h4
h5 22. Ne4 Nxe4 23. Bxe4 Nf6 24. Bg5 Nxe4 25. Qxe4 Ra4 26. Rc3 Rba8 27. Qd3 Qc8
28. Rb4 Rxb4 29. axb4 Qg4 30. Qf3 Ra1+ 31. Kh2 Qd4 32. g3 Ra2 33. Kg2 Rxf2+ 34.
Qxf2 Qxc3 35. Qb6 Qxc4 36. Qxb7 Qe2+ 37. Kg1 f6 38. b5 fxg5 39. b6 gxh4 40.
gxh4 Qg4+ 41. Kf1 Qf3+ 42. Ke1 e4 43. Qa6 e3 44. Qd3 Be7 45. Qe2 Bxh4+ 46. Kd1
Qxd5+ 47. Kc2 Qc5+ 48. Kd1 Qd4+ 49. Kc2 Qa4+ 50. Kb1 Qb3+ 51. Kc1 Bf6 52. b7
Qxb7 53. Qxe3 Qb2+ 0-1

[Event "Vlissingen HZ op 22nd"]
[Site "Vlissingen"]
[Date "2018.08.11"]
[Round "9"]
[White "Wan, Yunguo"]
[Black "Haast, Mark"]
[Result "1-0"]
[WhiteElo "2501"]
[BlackElo "2350"]
[PlyCount "88"]
[EventDate "2018.08.04"]
[EventType "swiss"]
[EventRounds "9"]
[EventCountry "NED"]
[SourceTitle "OM OTB B 201907"]
[Source "Opening Master"]
[SourceDate "2019.07.06"]
[SourceVersion "2"]
[SourceVersionDate "2019.07.06"]
[SourceQuality "1"]

1. e4 c5 2. Nf3 d6 3. d4 cxd4 4. Nxd4 Nf6 5. Nc3 Nc6 6. Be2 e5 7. Nf3 h6 8. O-O
Be7 9. Re1 O-O 10. h3 Be6 11. Bf1 Qa5 12. Bd2 Qd8 13. Na4 Nh7 14. c4 Ng5 15.
Bxg5 hxg5 16. Nc3 g4 17. hxg4 Bxg4 18. Be2 Qd7 19. Nd5 Bd8 20. b4 Be6 21. Qd2
Ne7 22. Rad1 Nxd5 23. exd5 Bg4 24. c5 Bxf3 25. Bxf3 Rc8 26. Qe3 dxc5 27. bxc5
Ba5 28. Re2 b6 29. Qxe5 bxc5 30. d6 Rfe8 31. Qd5 Rxe2 32. Bxe2 Qe6 33. Qb7 Rd8
34. Bf3 Rd7 35. Qb8+ Kh7 36. Bc6 Rd8 37. Qxa7 Rxd6 38. Rxd6 Qxd6 39. Be4+ Kh6
40. Qxa5 Qd1+ 41. Kh2 Qh5+ 42. Kg3 Qg5+ 43. Kf3 f5 44. Bd3 Qg4+ 1-0

[Event "EU Union-ch U12"]
[Site "Kouty nad Desnou"]
[Date "2018.08.09"]
[Round "3"]
[White "Jeda, Maciej"]
[Black "Kostov, Deyan Samuil"]
[Result "1-0"]
[WhiteElo "1724"]
[BlackElo "1934"]
[PlyCount "79"]
[EventDate "2018.08.07"]
[EventType "swiss"]
[EventRounds "9"]
[EventCountry "CZE"]
[SourceTitle "OM OTB B 201907"]
[Source "Opening Master"]
[SourceDate "2019.07.06"]
[SourceVersion "2"]
[SourceVersionDate "2019.07.06"]
[SourceQuality "1"]

1. e4 c5 2. Nf3 d6 3. d4 Nf6 4. Nc3 cxd4 5. Nxd4 Nc6 6. Be2 e5 7. Nb3 Be7 8.
O-O O-O 9. Be3 a5 10. a4 Nb4 11. f4 Be6 12. Bf3 Rc8 13. Rc1 Bc4 14. Rf2 Qc7 15.
Rd2 Rfd8 16. f5 Rd7 17. g4 Rcd8 18. g5 Ne8 19. Bg2 Bf8 20. Kh1 b6 21. Qg1 Rb8
22. Nd5 Nxd5 23. exd5 b5 24. Na1 bxa4 25. b3 Ba6 26. bxa4 Bc4 27. Rb1 Qc8 28.
Be4 Rdb7 29. Rxb7 Rxb7 30. Rd1 Nc7 31. g6 fxg6 32. fxg6 h6 33. Qf2 Qe8 34. Qf5
Be7 35. Bxh6 gxh6 36. g7 Bxd5 37. Qh7+ Kf7 38. g8=Q+ Kf6 39. Qhg6+ Qxg6 40.
Qxg6# 1-0

[Event "2nd Irena Warakomska Mem"]
[Site "Suwalki POL"]
[Date "2018.08.08"]
[Round "9.25"]
[White "Harshini, A."]
[Black "Sliwicka, Alicja"]
[Result "0-1"]
[WhiteElo "2124"]
[BlackElo "2293"]
[PlyCount "120"]
[EventDate "2018.08.01"]
[EventType "swiss"]
[EventRounds "9"]
[EventCountry "POL"]
[SourceTitle "The Week in Chess 1240"]
[Source "Mark Crowther"]
[SourceDate "2018.08.13"]
[SourceVersion "1"]
[SourceVersionDate "2018.08.13"]
[SourceQuality "2"]

1. e4 c5 2. Nf3 d6 3. d4 cxd4 4. Nxd4 Nf6 5. Nc3 Nc6 6. Be2 e5 7. Nb3 Be7 8.
O-O O-O 9. Be3 a5 10. f4 a4 11. fxe5 dxe5 12. Nc1 a3 13. Nd3 Qa5 14. Qe1 Nb4
15. Bd1 Be6 16. bxa3 Nxd3 17. cxd3 Rfc8 18. Bd2 Qc5+ 19. Kh1 Qxa3 20. Rb1 Qa6
21. Bb3 Bxb3 22. Rxb3 b5 23. Qf2 Bc5 24. Qf5 Qe6 25. Qxe6 fxe6 26. Rxb5 Bd4 27.
Rb3 Ng4 28. h3 Nf2+ 29. Kh2 Nxd3 30. Rf3 Nc5 31. Rb5 Rcb8 32. a4 Rxb5 33. axb5
Rb8 34. Rg3 Rb7 35. Be3 Nd7 36. Bg1 Nf6 37. Bxd4 exd4 38. e5 Nh5 39. Rf3 dxc3
40. g4 c2 41. Rc3 Nf4 42. Rxc2 Rxb5 43. Kg3 Nd5 44. Rc6 Kf7 45. h4 Ne7 46. Rc7
Rxe5 47. Ra7 h6 48. Kf4 Rb5 49. g5 hxg5+ 50. hxg5 g6 51. Kg4 Rb4+ 52. Kg3 Rc4
53. Kf3 e5 54. Rb7 Ke6 55. Rb6+ Rc6 56. Rb7 Nd5 57. Rg7 Kf5 58. Rf7+ Ke6 59.
Rg7 Rc3+ 60. Kf2 Kf5 0-1

[Event "RUS-ch Eurasia Cup op"]
[Site "Ekaterinburg"]
[Date "2018.08.06"]
[Round "5"]
[White "Panjshin, Daniil"]
[Black "Pauli, Stanislav"]
[Result "0-1"]
[WhiteElo "1714"]
[BlackElo "1937"]
[PlyCount "88"]
[EventDate "2018.08.01"]
[EventType "swiss"]
[EventRounds "9"]
[EventCountry "RUS"]
[SourceTitle "OM OTB B 201907"]
[Source "Opening Master"]
[SourceDate "2019.07.06"]
[SourceVersion "2"]
[SourceVersionDate "2019.07.06"]
[SourceQuality "1"]

1. e4 c5 2. Nf3 d6 3. d4 cxd4 4. Nxd4 Nf6 5. Nc3 Nc6 6. Be2 e5 7. Nb3 h6 8. Be3
Be7 9. O-O O-O 10. f3 a6 11. Nd5 Nxd5 12. exd5 Nb8 13. c4 b6 14. Bd3 Bg5 15.
Qd2 Bxe3+ 16. Qxe3 f5 17. Nd2 f4 18. Qf2 a5 19. Ne4 Bf5 20. Qe2 Na6 21. b3 Nc5
22. Bc2 Nxe4 23. Bxe4 Qh4 24. a3 Rf6 25. b4 Raf8 26. bxa5 bxa5 27. Rab1 Rg6 28.
Rb6 Rff6 29. Qf2 Qg5 30. Kh1 Bxe4 31. fxe4 f3 32. gxf3 Qf4 33. c5 dxc5 34. Rxf6
Rxf6 35. Qxc5 Qd2 36. Qc4 Kh7 37. Qb3 Rf4 38. Qd1 Qb2 39. Qa1 Qb8 40. Qc3 Qb5
41. Re1 Qe8 42. d6 Qf8 43. Qc5 Rxf3 44. Rg1 Rd3 0-1

[Event "Arber Seniors op 6th"]
[Site "Bayerisch Eisenstein"]
[Date "2018.08.05"]
[Round "9"]
[White "Gulinelli, Euro"]
[Black "Trinkl, Andreas"]
[Result "1/2-1/2"]
[WhiteElo "1588"]
[BlackElo "1696"]
[PlyCount "70"]
[EventDate "2018.07.28"]
[EventType "swiss"]
[EventRounds "8"]
[EventCountry "GER"]
[SourceTitle "OM OTB B 201907"]
[Source "Opening Master"]
[SourceDate "2019.07.06"]
[SourceVersion "2"]
[SourceVersionDate "2019.07.06"]
[SourceQuality "1"]

1. e4 c5 2. Nf3 Nc6 3. Nc3 d6 4. d4 cxd4 5. Nxd4 Nf6 6. Be2 e5 7. Nxc6 bxc6 8.
O-O Be7 9. Be3 O-O 10. f4 Qc7 11. f5 Qb7 12. Rf3 Ng4 13. Qd2 Nxe3 14. Qxe3 Qb6
15. Qxb6 axb6 16. Bc4 Kh8 17. h3 b5 18. Bb3 Bb7 19. Rd1 b4 20. Ne2 Ra5 21. Ng3
f6 22. Rfd3 Rd8 23. Be6 d5 24. exd5 cxd5 25. c3 Ba6 26. Rxd5 Raxd5 27. Rxd5
Rxd5 28. Bxd5 bxc3 29. bxc3 Bc5+ 30. Kh2 Bd3 31. Ne4 Ba3 32. c4 Bxe4 33. Bxe4
Kg8 34. g4 Kf8 35. h4 h6 1/2-1/2